Sports Quiz

Random Sports or Tennis Quiz

2015 US Open Men's Seeds Quiz Stats

 Plays Quiz not verified by Sporcle

Score 0/32 Timer 07:00
0 Plays Today
Seed Player % Correct
2Roger Federer
100%
3Andy Murray
100%
13John Isner
100%
4Kei Nishikori
98.6%
5Stan Wawrinka
98.6%
6Tomas Berdych
98.6%
7David Ferrer
98.6%
1Novak Djokovic
97.2%
9Marin Cilic
97.2%
10Milos Raonic
97.2%
32Fabio Fognini
97.2%
8Rafael Nadal
95.8%
11Gilles Simon
95.8%
17Grigor Dimitrov
95.8%
12Richard Gasquet
94.4%
15Kevin Anderson
94.4%
Seed Player % Correct
16Gael Monfils
94.4%
19Jo-Wilfried Tsonga
94.4%
14David Goffin
93%
18Feliciano Lopez
88.7%
24Bernard Tomic
88.7%
28Jack Sock
87.3%
25Andreas Seppi
85.9%
29Philipp Kohlschreiber
85.9%
20Dominic Thiem
84.5%
22Viktor Troicki
83.1%
23Roberto Bautista Agut
77.5%
21Ivo Karlovic
76.1%
26Tommy Robredo
70.4%
27Jeremy Chardy
70.4%
30Thomaz Bellucci
66.2%
31Guillermo Garcia-Lopez
60.6%

You're not logged in!

Compare scores with friends on all Sporcle quizzes.
OR
Log In

Show Comments

Extras

Top Quizzes Today


Score Distribution

Your Account Isn't Verified!

In order to create a playlist on Sporcle, you need to verify the email address you used during registration. Go to your Sporcle Settings to finish the process.

Report this User

Report this user for behavior that violates our Community Guidelines.

Details: